000 003200000a22001450004500
003 MACL
040 _aMACL
090 _c35556
_d35554
100 _aJain, M p
245 _aOutlines of Indian Legal History
260 _bThe Universal Book And Statinrery
350 _a18
650 _aHistory
942 _cBOOK
_k900/Jai
999 _c35183
_d35183